អាខ្មៅអស់លក្ខណ៏ : (Record no. 8885)

MARC details
000 -LEADER
fixed length control field 01635nam a22003137a 4500
001 - CONTROL NUMBER
control field 8885
003 - CONTROL NUMBER IDENTIFIER
control field FISKH
005 - DATE AND TIME OF LATEST TRANSACTION
control field 20251028161753.0
008 - FIXED-LENGTH DATA ELEMENTS--GENERAL INFORMATION
fixed length control field 251028b cb ||||| |||| 00| 0 eng d
020 ## - INTERNATIONAL STANDARD BOOK NUMBER
International Standard Book Number 9789996301087
040 ## - CATALOGING SOURCE
Original cataloging agency FISKH
Language of cataloging khr
Transcribing agency FISKH
Modifying agency FISKH
050 ## - LIBRARY OF CONGRESS CALL NUMBER
Classification number PZ7
082 ## - DEWEY DECIMAL CLASSIFICATION NUMBER
Classification number 895
100 ## - MAIN ENTRY--PERSONAL NAME
Personal name Tongleang, Noeun
245 ## - TITLE STATEMENT
Title អាខ្មៅអស់លក្ខណ៏ :
Remainder of title Unlucky black dog /
Statement of responsibility, etc. និពន្ធដោយលោក នឿន តុងហេង , កែសម្រួលដោយ អ្នកស្រី គឹមស៊ុន សុធារី និង លោក វ៉ាន់ សុភ័ក្រ្ត
260 ## - PUBLICATION, DISTRIBUTION, ETC.
Place of publication, distribution, etc. ភ្នំពេញ :
Name of publisher, distributor, etc. Reading Books ,
Date of publication, distribution, etc. 2010.
300 ## - PHYSICAL DESCRIPTION
Extent 20 pages :
Other physical details color illustrations ;
Dimensions 25 cm .
490 ## - SERIES STATEMENT
Series statement ពិភពរឿងនិទាន
505 ## - FORMATTED CONTENTS NOTE
Formatted contents note K <br/>
520 ## - SUMMARY, ETC.
Summary, etc. រឿងនេះចង់អប់រំអោយកុមារចេះជួយមិត្តភក្តិពេលមានទុក្ខ ។ សូមកុំមើលស្រាលមិត្តដែលមានកម្លាំងខ្សោយជាងខ្លួន ។​
520 ## - SUMMARY, ETC.
Summary, etc. This story aims at educating the childdren to help their friends while they are in need and not to look down on their weaker friends .
521 8# - TARGET AUDIENCE NOTE
Target audience note 520 <br/>
Source Lexile estimate <br/>
521 8# - TARGET AUDIENCE NOTE
Target audience note K <br/>
Source Raz-Plus <br/>
650 ## - SUBJECT ADDED ENTRY--TOPICAL TERM
Topical term or geographic name entry element អាខ្មៅអស់លក្ខណ៏
Form subdivision រឿងនិទានកុមារ​
650 ## - SUBJECT ADDED ENTRY--TOPICAL TERM
Topical term or geographic name entry element Unlucky black dog
Form subdivision Children's Stories
700 ## - ADDED ENTRY--PERSONAL NAME
Personal name Bunthorn, Theak
Relator term Illustrator
942 ## - ADDED ENTRY ELEMENTS (KOHA)
Source of classification or shelving scheme Dewey Decimal Classification
Koha item type Khmer Books
Suppress in OPAC No
Holdings
Withdrawn status Lost status Source of classification or shelving scheme Damaged status Not for loan Collection Home library Current library Shelving location Date acquired Total Checkouts Full call number Barcode Date last seen Copy number Price effective from Koha item type
    Dewey Decimal Classification     Khmer-English Bilingual / ភាសាខ្មែរ-អង់គ្លេស Footprints International School Library Network Toul Tom Poung Campus Footprints International School Library Network Toul Tom Poung Campus TTP Primary Khmer Bookshelves 10/28/2025   TON PZ7 895 FIS04410 10/28/2025 1 10/28/2025 Khmer Books
    Dewey Decimal Classification     Khmer-English Bilingual / ភាសាខ្មែរ-អង់គ្លេស Footprints International School Library Network Toul Tom Poung Campus Footprints International School Library Network Toul Tom Poung Campus TTP Primary Khmer Bookshelves 10/28/2025   TON PZ7 895 FIS04421 10/28/2025 2 10/28/2025 Khmer Books
    Dewey Decimal Classification     Khmer-English Bilingual / ភាសាខ្មែរ-អង់គ្លេស Footprints International School Library Network Toul Tom Poung Campus Footprints International School Library Network Toul Tom Poung Campus TTP Primary Khmer Bookshelves 10/28/2025   TON PZ7 895 FIS04449 10/28/2025 3 10/28/2025 Khmer Books
    Dewey Decimal Classification     Khmer-English Bilingual / ភាសាខ្មែរ-អង់គ្លេស Footprints International School Library Network Toul Tom Poung Campus Footprints International School Library Network Toul Tom Poung Campus TTP Primary Khmer Bookshelves 10/28/2025   TON PZ7 895 FIS04473 10/28/2025 4 10/28/2025 Khmer Books
    Dewey Decimal Classification     Khmer-English Bilingual / ភាសាខ្មែរ-អង់គ្លេស Footprints International School Library Network Toul Tom Poung Campus Footprints International School Library Network Toul Tom Poung Campus TTP Primary Khmer Bookshelves 11/10/2025   TON PZ7 895 FISBK03722 11/10/2025 5 11/10/2025 Khmer Books